|
|
|
|
| LEADER |
00000nam a2200000 a 4500 |
| 001 |
vtls010612917 |
| 003 |
SK-MaSNL |
| 005 |
20260301050506.0 |
| 008 |
250313s1979 xo f 000 0 slo |
| 015 |
|
|
|a SNBA1979
|
| 035 |
|
|
|a C5FF4701-8736-4435-B994-DCCE87AD9BC8
|
| 035 |
|
|
|a urn:nbn:sk:snk-amjz71
|
| 035 |
|
|
|a urn:nbn:sk:snk-am0080mh
|
| 040 |
|
|
|a SNK
|b slo
|c SNK
|e AACR2
|
| 041 |
0 |
|
|a slo
|
| 044 |
|
|
|a xo
|c SK
|
| 080 |
|
|
|a 004.421
|2 2001
|
| 245 |
0 |
0 |
|a Efektívnosť algoritmov a dátové štruktúry
|n I
|
| 260 |
|
|
|a Bratislava
|b Výskumný výpočtový ústav
|c 1979
|
| 650 |
0 |
7 |
|a algoritmy (programovanie)
|2 SNKPH
|9 66690
|
| 655 |
|
7 |
|a štúdie
|2 SNKPH
|9 57033
|
| 852 |
|
|
|a Slovenská národná knižnica
|
| 958 |
|
|
|a OND
|
| 958 |
|
|
|a RM
|
| 999 |
|
|
|c 601049
|d 602979
|
| 952 |
|
|
|a SNK
|b SNK
|y PREZ
|7 0
|p 17A0971948
|o snkSB 28325/1
|i snkKSP 4378/79
|0 0
|1 0
|4 0
|d 2014-08-05
|f 1
|l 0
|r 2025-04-02 00:00:00
|w 2026-02-23
|